| 000 | 00565nam a2200157Ia 4500 | ||
|---|---|---|---|
| 008 | 210719s2007 xx 000 0 und d | ||
| 041 | _aeng | ||
| 082 | _a658.8 DSOC | ||
| 100 | _aDSOUZA (Gilroy) | ||
| 245 | _aConsumer behaviour towards tata indica with special reference to auto matrix | ||
| 260 |
_aMangalore _bDepartment of Business Management St Aloysius College _c2007 |
||
| 300 |
_a64 _bHB |
||
| 650 | _aManagement | ||
| 650 | _aProject Reports | ||
| 906 | _aauto ; behaviour ; Consumer ; indica ; matrix ; reference ; special ; tata ; to ; towards ; with | ||
| 999 |
_c214434 _d214434 |
||